[Event "2nd Easter 4NCL Congress"]
[Site "Daventry"]
[Date "2022.04.18"]
[Round "7"]
[Board "9"]
[White "Mason, Donald J"]
[Black "Boswell, Jacob Connor"]
[Result "0-1"]
[WhiteElo "2152"]
[BlackElo "2206"]
[PlyCount "0"]
[EventDate "2022.04.15"]
[EventRounds "7"]
[EventCountry "ENG"]

1. e4 {[%clk 01:29:44]} {[%emt 00:01:15]} c5 {[%clk 01:27:38]} {[%emt
00:03:12]} 2. Nf3 {[%clk 01:30:11]} {[%emt 00:00:14]} e6 {[%clk 01:27:54]}
{[%emt 00:00:13]} 3. d4 {[%clk 01:30:36]} {[%emt 00:00:05]} cxd4 {[%clk
01:28:18]} {[%emt 00:00:06]} 4. Nxd4 {[%clk 01:31:02]} {[%emt 00:00:04]} Nc6
{[%clk 01:28:34]} {[%emt 00:00:14]} 5. Nc3 {[%clk 01:30:45]} {[%emt 00:00:46]}
Qc7 {[%clk 01:28:16]} {[%emt 00:00:48]} 6. Be3 {[%clk 01:30:04]} {[%emt
00:01:11]} a6 {[%clk 01:26:18]} {[%emt 00:02:29]} 7. Be2 {[%clk 01:30:14]}
{[%emt 00:00:18]} b5 {[%clk 01:23:52]} {[%emt 00:02:58]} 8. Nxc6 {[%clk
01:27:51]} {[%emt 00:02:53]} Qxc6 {[%clk 01:23:48]} {[%emt 00:00:34]} 9. e5
{[%clk 01:22:25]} {[%emt 00:05:55]} Bb7 {[%clk 01:18:56]} {[%emt 00:05:23]} 10.
Bf3 {[%clk 01:22:20]} {[%emt 00:00:35]} Qc7 {[%clk 01:19:12]} {[%emt 00:00:14]}
11. O-O {[%clk 01:21:47]} {[%emt 00:01:02]} Rd8 {[%clk 01:18:17]} {[%emt
00:01:26]} 12. Bxb7 {[%clk 01:13:53]} {[%emt 00:08:25]} Qxb7 {[%clk 01:18:40]}
{[%emt 00:00:06]} 13. Qg4 {[%clk 01:14:06]} {[%emt 00:00:16]} d5 {[%clk
01:16:05]} {[%emt 00:03:06]} 14. Ne2 {[%clk 01:07:10]} {[%emt 00:07:25]} Ne7
{[%clk 01:01:11]} {[%emt 00:15:24]} 15. Nd4 {[%clk 01:04:09]} {[%emt 00:03:31]}
Rc8 {[%clk 00:43:05]} {[%emt 00:18:37]} 16. a4 {[%clk 00:56:33]} {[%emt
00:08:06]} b4 {[%clk 00:42:01]} {[%emt 00:01:34]} 17. c3 {[%clk 00:52:51]}
{[%emt 00:04:11]} Nc6 {[%clk 00:39:33]} {[%emt 00:02:59]} 18. Nxc6 {[%clk
00:43:32]} {[%emt 00:09:49]} Rxc6 {[%clk 00:39:56]} {[%emt 00:00:07]} 19. Rac1
{[%clk 00:40:42]} {[%emt 00:03:20]} Rc4 {[%clk 00:38:10]} {[%emt 00:02:16]} 20.
Qg3 {[%clk 00:36:20]} {[%emt 00:04:52]} b3 {[%clk 00:37:51]} {[%emt 00:00:48]}
21. a5 {[%clk 00:36:02]} {[%emt 00:00:49]} g6 {[%clk 00:35:58]} {[%emt
00:02:23]} 22. Rfd1 {[%clk 00:29:41]} {[%emt 00:06:51]} h5 {[%clk 00:29:00]}
{[%emt 00:07:28]} 23. Rd4 {[%clk 00:28:50]} {[%emt 00:01:21]} Qb5 {[%clk
00:27:49]} {[%emt 00:01:41]} 24. Qf4 {[%clk 00:19:01]} {[%emt 00:10:18]} Bg7
{[%clk 00:11:16]} {[%emt 00:17:03]} 25. Ra1 {[%clk 00:12:39]} {[%emt 00:06:52]}
O-O {[%clk 00:11:16]} {[%emt 00:00:30]} 26. Rxc4 {[%clk 00:12:56]} {[%emt
00:00:14]} dxc4 {[%clk 00:11:35]} {[%emt 00:00:11]} 27. Bd4 {[%clk 00:13:14]}
{[%emt 00:00:11]} Rd8 {[%clk 00:10:42]} {[%emt 00:01:23]} 28. Qe3 {[%clk
00:07:08]} {[%emt 00:06:36]} Rd5 {[%clk 00:10:32]} {[%emt 00:00:39]} 29. f4
{[%clk 00:07:37]} {[%emt 00:00:02]} Bf8 {[%clk 00:10:03]} {[%emt 00:00:58]} 30.
h4 {[%clk 00:06:57]} {[%emt 00:01:11]} Qc6 {[%clk 00:08:09]} {[%emt 00:02:24]}
31. Kh2 {[%clk 00:06:45]} {[%emt 00:00:42]} Be7 {[%clk 00:08:27]} {[%emt
00:00:12]} 32. g4 {[%clk 00:04:19]} {[%emt 00:02:55]} hxg4 {[%clk 00:07:56]}
{[%emt 00:01:02]} 33. Rg1 {[%clk 00:02:31]} {[%emt 00:02:18]} Bc5 {[%clk
00:05:52]} {[%emt 00:02:34]} 34. Rxg4 {[%clk 00:01:34]} {[%emt 00:01:27]} Bxd4
{[%clk 00:05:53]} {[%emt 00:00:29]} 35. cxd4 {[%clk 00:02:02]} {[%emt
00:00:02]} c3 {[%clk 00:04:14]} {[%emt 00:02:09]} 36. bxc3 {[%clk 00:00:33]}
{[%emt 00:01:59]} b2 {[%clk 00:04:44]} {[%emt 00:00:01]} 37. Qe4 {[%clk
00:01:01]} {[%emt 00:00:02]} Qxc3 {[%clk 00:01:48]} {[%emt 00:03:26]} 38. Rxg6+
{[%clk 00:01:14]} {[%emt 00:00:16]} Kf8 {[%clk 00:02:18]} 39. Rh6 {[%clk
00:00:36]} {[%emt 00:01:08]} Qxd4 {[%clk 00:02:02]} {[%emt 00:00:45]} 40. Rh8+
{[%clk 00:00:51]} {[%emt 00:00:15]} Ke7 {[%clk 00:02:31]} {[%emt 00:00:01]} 41.
Qxd4 {[%clk 00:00:56]} {[%emt 00:00:25]} Rxd4 {[%clk 00:02:52]} {[%emt
00:00:09]} 42. Rb8 {[%clk 00:01:16]} {[%emt 00:00:10]} Rxf4 {[%clk 00:02:50]}
{[%emt 00:00:33]} 43. Rb7+ {[%clk 00:00:42]} {[%emt 00:01:04]} Kf8 {[%clk
00:03:11]} {[%emt 00:00:09]} 44. Rxb2 {[%clk 00:00:44]} {[%emt 00:00:28]} Rxh4+
{[%clk 00:03:33]} {[%emt 00:00:07]} 45. Kg3 {[%clk 00:01:08]} {[%emt 00:00:06]}
Ra4 {[%clk 00:03:48]} {[%emt 00:00:15]} 46. Rb7 {[%clk 00:00:45]} {[%emt
00:00:53]} Rxa5 {[%clk 00:04:07]} {[%emt 00:00:11]} 47. Kf4 {[%clk 00:01:12]}
{[%emt 00:00:02]} Ra4+ {[%clk 00:04:15]} {[%emt 00:00:24]} 48. Ke3 {[%clk
00:00:39]} {[%emt 00:01:02]} Kg7 {[%clk 00:04:25]} {[%emt 00:00:21]} 49. Ra7
{[%clk 00:01:04]} {[%emt 00:00:05]} Kg6 {[%clk 00:04:33]} {[%emt 00:00:22]} 50.
Kf3 {[%clk 00:01:21]} {[%emt 00:00:12]} a5 {[%clk 00:04:34]} {[%emt 00:00:29]}
51. Ke3 {[%clk 00:01:27]} {[%emt 00:00:24]} Ra1 {[%clk 00:04:40]} {[%emt
00:00:24]} 52. Kf4 {[%clk 00:01:05]} {[%emt 00:00:52]} a4 {[%clk 00:04:51]}
{[%emt 00:00:20]} 53. Ra8 {[%clk 00:01:28]} {[%emt 00:00:07]} a3 {[%clk
00:04:43]} {[%emt 00:00:38]} 54. Rg8+ {[%clk 00:01:42]} {[%emt 00:00:15]} Kh7
{[%clk 00:04:50]} {[%emt 00:00:23]} 55. Rg2 {[%clk 00:01:38]} {[%emt 00:00:34]}
a2 {[%clk 00:05:03]} {[%emt 00:00:17]} 56. Kg5 {[%clk 00:01:54]} {[%emt
00:00:14]} Kg7 {[%clk 00:04:42]} {[%emt 00:00:51]} 57. Kh5+ {[%clk 00:00:59]}
{[%emt 00:01:24]} Kf8 {[%clk 00:04:59]} {[%emt 00:00:13]} 58. Kg5 {[%clk
00:01:25]} {[%emt 00:00:05]} Ke7 {[%clk 00:05:14]} {[%emt 00:00:15]} 59. Kg4
{[%clk 00:01:35]} {[%emt 00:00:20]} Kd7 {[%clk 00:05:26]} {[%emt 00:00:18]}  0-1

[Event "2nd Easter 4NCL Congress"]
[Site "Daventry"]
[Date "2022.04.18"]
[Round "7"]
[Board "10"]
[White "White, Stuart A"]
[Black "Ireland, David J"]
[Result "0-1"]
[WhiteElo "2097"]
[BlackElo "2109"]
[PlyCount "0"]
[EventDate "2022.04.15"]
[EventRounds "7"]
[EventCountry "ENG"]

1. d4 {[%clk 01:30:58]} Nf6 {[%clk 01:21:03]} {[%emt 00:09:58]} 2. c4 {[%clk
01:31:18]} {[%emt 00:00:09]} c5 {[%clk 01:21:24]} {[%emt 00:00:09]} 3. d5
{[%clk 01:31:21]} {[%emt 00:00:27]} b5 {[%clk 01:21:32]} {[%emt 00:00:23]} 4.
cxb5 {[%clk 01:30:59]} {[%emt 00:00:53]} a6 {[%clk 01:21:54]} {[%emt 00:00:07]}
5. f3 {[%clk 01:31:04]} {[%emt 00:00:25]} axb5 {[%clk 01:20:14]} {[%emt
00:02:11]} 6. e4 {[%clk 01:31:17]} {[%emt 00:00:16]} Qa5+ {[%clk 01:17:27]}
{[%emt 00:03:16]} 7. Bd2 {[%clk 01:30:16]} {[%emt 00:01:31]} b4 {[%clk
01:17:01]} {[%emt 00:00:56]} 8. Na3 {[%clk 01:30:25]} {[%emt 00:00:22]} Qd8
{[%clk 01:13:59]} {[%emt 00:03:32]} 9. Nc4 {[%clk 01:30:36]} {[%emt 00:00:19]}
e6 {[%clk 01:12:33]} {[%emt 00:01:56]} 10. Bg5 {[%clk 01:06:47]} {[%emt
00:24:19]} Ba6 {[%clk 01:04:25]} {[%emt 00:08:38]} 11. dxe6 {[%clk 00:42:55]}
{[%emt 00:24:22]} fxe6 {[%clk 01:01:03]} {[%emt 00:03:52]} 12. e5 {[%clk
00:43:16]} {[%emt 00:00:09]} h6 {[%clk 01:00:39]} {[%emt 00:00:53]} 13. Bd3
{[%clk 00:40:05]} {[%emt 00:03:42]} d5 {[%clk 00:45:52]} {[%emt 00:15:17]} 14.
Bg6+ {[%clk 00:29:03]} {[%emt 00:11:32]} Kd7 {[%clk 00:45:40]} {[%emt
00:00:42]} 15. exf6 {[%clk 00:28:59]} {[%emt 00:00:34]} hxg5 {[%clk 00:40:29]}
{[%emt 00:05:40]} 16. Ne5+ {[%clk 00:29:21]} {[%emt 00:00:09]} Kc7 {[%clk
00:40:02]} {[%emt 00:00:56]} 17. fxg7 {[%clk 00:17:27]} {[%emt 00:12:25]} Bxg7
{[%clk 00:39:54]} {[%emt 00:00:37]} 18. Nf7 {[%clk 00:17:53]} {[%emt 00:00:05]}
Qf6 {[%clk 00:39:03]} {[%emt 00:01:21]} 19. Qc2 {[%clk 00:17:52]} {[%emt
00:00:31]} Qxb2 {[%clk 00:32:21]} {[%emt 00:07:12]} 20. Qxc5+ {[%clk 00:16:13]}
{[%emt 00:02:09]} Nc6 {[%clk 00:32:45]} {[%emt 00:00:06]} 21. Rc1 {[%clk
00:12:23]} {[%emt 00:04:20]} Bc3+ {[%clk 00:31:04]} {[%emt 00:02:11]} 22. Rxc3
{[%clk 00:12:49]} {[%emt 00:00:05]} bxc3 {[%clk 00:30:29]} {[%emt 00:01:04]}
 0-1

[Event "2nd Easter 4NCL Congress"]
[Site "Daventry"]
[Date "2022.04.18"]
[Round "7"]
[Board "12"]
[White "Mccumiskey, Andrew P"]
[Black "Gomez, Daniel"]
[Result "1/2-1/2"]
[WhiteElo "2109"]
[BlackElo "2025"]
[PlyCount "0"]
[EventDate "2022.04.15"]
[EventRounds "7"]
[EventCountry "ENG"]

1. d4 {[%clk 01:30:51]} {[%emt 00:00:08]} Nf6 {[%clk 01:30:54]} {[%emt
00:00:06]} 2. c4 {[%clk 01:31:12]} {[%emt 00:00:09]} e6 {[%clk 01:31:20]}
{[%emt 00:00:04]} 3. Nc3 {[%clk 01:31:25]} {[%emt 00:00:18]} Bb4 {[%clk
01:31:46]} {[%emt 00:00:04]} 4. Qc2 {[%clk 01:30:43]} {[%emt 00:01:11]} c5
{[%clk 01:31:01]} {[%emt 00:01:15]} 5. Nf3 {[%clk 01:29:43]} {[%emt 00:01:30]}
cxd4 {[%clk 01:21:25]} {[%emt 00:10:06]} 6. Nxd4 {[%clk 01:29:55]} {[%emt
00:00:18]} Nc6 {[%clk 01:21:52]} {[%emt 00:00:03]} 7. Nxc6 {[%clk 01:27:39]}
{[%emt 00:02:46]} bxc6 {[%clk 01:22:17]} {[%emt 00:00:06]} 8. e3 {[%clk
01:21:52]} {[%emt 00:06:16]} O-O {[%clk 01:14:50]} {[%emt 00:07:56]} 9. Bd3
{[%clk 01:21:22]} {[%emt 00:01:01]} e5 {[%clk 01:12:34]} {[%emt 00:02:47]} 10.
O-O {[%clk 01:20:31]} {[%emt 00:01:21]} d5 {[%clk 01:11:47]} {[%emt 00:01:17]}
11. a3 {[%clk 01:18:25]} {[%emt 00:02:36]} Be7 {[%clk 01:10:48]} {[%emt
00:01:30]} 12. b4 {[%clk 01:16:14]} {[%emt 00:02:41]} Be6 {[%clk 01:10:32]}
{[%emt 00:00:46]} 13. Rd1 {[%clk 01:10:52]} {[%emt 00:05:51]} Qc7 {[%clk
00:51:54]} {[%emt 00:19:07]} 14. cxd5 {[%clk 01:02:00]} {[%emt 00:09:22]} cxd5
{[%clk 00:52:04]} {[%emt 00:00:21]} 15. Bb2 {[%clk 00:55:34]} {[%emt 00:06:55]}
Rac8 {[%clk 00:48:18]} {[%emt 00:04:17]} 16. Rac1 {[%clk 00:54:47]} {[%emt
00:01:17]} Qb8 {[%clk 00:45:02]} {[%emt 00:03:46]} 17. Bf5 {[%clk 00:52:14]}
{[%emt 00:03:03]} Rfd8 {[%clk 00:40:59]} {[%emt 00:04:34]} 18. Bxe6 {[%clk
00:51:21]} {[%emt 00:01:22]} fxe6 {[%clk 00:41:27]} {[%emt 00:00:02]} 19. Qe2
{[%clk 00:51:15]} {[%emt 00:00:36]}  1/2-1/2

[Event "2nd Easter 4NCL Congress"]
[Site "Daventry"]
[Date "2022.04.18"]
[Round "7"]
[Board "13"]
[White "Shearsby, Jude"]
[Black "Murawski, Jan"]
[Result "0-1"]
[WhiteElo "2053"]
[BlackElo "1852"]
[PlyCount "0"]
[EventDate "2022.04.15"]
[EventRounds "7"]
[EventCountry "ENG"]

1. e4 {[%clk 01:30:38]} {[%emt 00:00:21]} e5 {[%clk 01:30:55]} {[%emt
00:00:06]} 2. Nf3 {[%clk 01:31:03]} {[%emt 00:00:05]} Nc6 {[%clk 01:31:22]}
{[%emt 00:00:04]} 3. Bb5 {[%clk 01:31:27]} {[%emt 00:00:05]} a6 {[%clk
01:31:49]} {[%emt 00:00:03]} 4. Ba4 {[%clk 01:31:52]} {[%emt 00:00:04]} Nf6
{[%clk 01:32:09]} {[%emt 00:00:11]} 5. O-O {[%clk 01:32:16]} {[%emt 00:00:06]}
b5 {[%clk 01:32:32]} {[%emt 00:00:07]} 6. Bb3 {[%clk 01:32:45]} {[%emt
00:00:01]} Be7 {[%clk 01:32:55]} {[%emt 00:00:07]} 7. Re1 {[%clk 01:33:10]}
{[%emt 00:00:04]} Bb7 {[%clk 01:33:22]} {[%emt 00:00:04]} 8. c3 {[%clk
01:33:28]} {[%emt 00:00:13]} O-O {[%clk 01:33:46]} {[%emt 00:00:05]} 9. h3
{[%clk 01:33:53]} {[%emt 00:00:03]} d5 {[%clk 01:33:26]} {[%emt 00:00:52]} 10.
exd5 {[%clk 01:33:24]} {[%emt 00:00:58]} Nxd5 {[%clk 01:33:51]} {[%emt
00:00:05]} 11. Bc2 {[%clk 01:24:35]} {[%emt 00:09:18]} Bf6 {[%clk 01:22:25]}
{[%emt 00:11:58]} 12. d3 {[%clk 01:23:24]} {[%emt 00:01:41]} Nde7 {[%clk
01:16:41]} {[%emt 00:06:14]} 13. Nbd2 {[%clk 01:22:29]} {[%emt 00:01:23]} Ng6
{[%clk 01:16:22]} {[%emt 00:00:51]} 14. Ne4 {[%clk 01:18:03]} {[%emt 00:04:56]}
Re8 {[%clk 01:11:38]} {[%emt 00:05:13]} 15. Be3 {[%clk 01:16:03]} {[%emt
00:02:28]} Qd7 {[%clk 01:00:17]} {[%emt 00:11:53]} 16. b4 {[%clk 00:47:46]}
{[%emt 00:28:48]} Nd8 {[%clk 00:50:32]} {[%emt 00:10:16]} 17. a4 {[%clk
00:43:24]} {[%emt 00:04:52]} Ne6 {[%clk 00:46:44]} {[%emt 00:04:18]} 18. d4
{[%clk 00:29:57]} {[%emt 00:13:57]} exd4 {[%clk 00:26:27]} {[%emt 00:20:47]} 19.
Nxf6+ {[%clk 00:27:40]} {[%emt 00:02:46]} gxf6 {[%clk 00:25:48]} {[%emt
00:01:08]} 20. Nxd4 {[%clk 00:28:04]} {[%emt 00:00:07]} Qd5 {[%clk 00:20:13]}
{[%emt 00:06:05]} 21. f3 {[%clk 00:25:23]} {[%emt 00:03:12]} Qh5 {[%clk
00:11:16]} {[%emt 00:09:26]} 22. Nxe6 {[%clk 00:24:00]} {[%emt 00:01:54]} Rxe6
{[%clk 00:11:11]} {[%emt 00:00:35]} 23. axb5 {[%clk 00:22:09]} {[%emt
00:02:21]} Rae8 {[%clk 00:07:25]} {[%emt 00:04:16]} 24. bxa6 {[%clk 00:21:48]}
{[%emt 00:00:51]} Ba8 {[%clk 00:07:01]} {[%emt 00:00:54]} 25. Ba4 {[%clk
00:19:32]} {[%emt 00:02:46]} Nh4 {[%clk 00:00:36]} {[%emt 00:06:55]} 26. f4
{[%clk 00:02:37]} {[%emt 00:17:24]} Nf3+ {[%clk 00:00:44]} {[%emt 00:00:23]} 27.
Kf2 {[%clk 00:02:17]} {[%emt 00:00:49]} Qh4+ {[%clk 00:01:01]} {[%emt
00:00:14]} 28. g3 {[%clk 00:02:40]} {[%emt 00:00:07]} Qxh3 {[%clk 00:01:19]}
{[%emt 00:00:11]} 29. Rh1 {[%clk 00:03:03]} {[%emt 00:00:07]} Nh2 {[%clk
00:01:32]} {[%emt 00:00:17]} 30. Qf1 {[%clk 00:01:33]} {[%emt 00:02:01]} Ng4+
{[%clk 00:01:50]} {[%emt 00:00:12]} 31. Ke2 {[%clk 00:01:33]} {[%emt 00:00:30]}
Rxe3+ {[%clk 00:02:14]} {[%emt 00:00:06]} 32. Kd2 {[%clk 00:01:51]} {[%emt
00:00:12]} Re2+ {[%clk 00:02:24]} {[%emt 00:00:20]} 33. Kd3 {[%clk 00:00:46]}
{[%emt 00:01:36]} Qxg3+ {[%clk 00:02:37]} {[%emt 00:00:16]} 34. Kc4 {[%clk
00:01:10]} {[%emt 00:00:07]} Ne3+ {[%clk 00:02:38]} {[%emt 00:00:28]}  0-1

[Event "2nd Easter 4NCL Congress"]
[Site "Daventry"]
[Date "2022.04.18"]
[Round "7"]
[Board "14"]
[White "Gordon, Sean"]
[Black "Burrows, Martin P"]
[Result "0-1"]
[WhiteElo "1887"]
[BlackElo "2214"]
[PlyCount "0"]
[EventDate "2022.04.15"]
[EventRounds "7"]
[EventCountry "ENG"]

1. e4 {[%clk 01:30:58]} {[%emt 00:00:02]} e5 {[%clk 01:30:54]} {[%emt
00:00:07]} 2. Nf3 {[%clk 01:31:21]} {[%emt 00:00:07]} Nc6 {[%clk 01:31:15]}
{[%emt 00:00:09]} 3. Bb5 {[%clk 01:31:44]} {[%emt 00:00:06]} a6 {[%clk
01:31:36]} {[%emt 00:00:10]} 4. Ba4 {[%clk 01:32:08]} {[%emt 00:00:06]} Nf6
{[%clk 01:31:57]} {[%emt 00:00:09]} 5. O-O {[%clk 01:32:20]} {[%emt 00:00:18]}
Be7 {[%clk 01:32:14]} {[%emt 00:00:13]} 6. Re1 {[%clk 01:32:40]} {[%emt
00:00:10]} b5 {[%clk 01:32:32]} {[%emt 00:00:12]} 7. Bb3 {[%clk 01:33:05]}
{[%emt 00:00:05]} d6 {[%clk 01:32:46]} {[%emt 00:00:16]} 8. c3 {[%clk
01:32:58]} {[%emt 00:00:37]} O-O {[%clk 01:33:01]} {[%emt 00:00:15]} 9. h3
{[%clk 01:33:23]} {[%emt 00:00:05]} Nb8 {[%clk 01:33:07]} {[%emt 00:00:23]} 10.
d4 {[%clk 01:32:17]} {[%emt 00:01:36]} Nbd7 {[%clk 01:33:19]} {[%emt 00:00:19]}
11. Nbd2 {[%clk 01:31:39]} {[%emt 00:01:08]} Bb7 {[%clk 01:33:14]} {[%emt
00:00:35]} 12. Bc2 {[%clk 01:30:03]} {[%emt 00:02:06]} Re8 {[%clk 01:33:16]}
{[%emt 00:00:28]} 13. Nf1 {[%clk 01:30:09]} {[%emt 00:00:24]} Bf8 {[%clk
01:33:32]} {[%emt 00:00:14]} 14. Ng3 {[%clk 01:29:10]} {[%emt 00:01:29]} g6
{[%clk 01:33:52]} {[%emt 00:00:10]} 15. a4 {[%clk 01:21:26]} {[%emt 00:08:14]}
c5 {[%clk 01:33:43]} {[%emt 00:00:39]} 16. axb5 {[%clk 01:12:57]} {[%emt
00:08:59]} axb5 {[%clk 01:32:37]} {[%emt 00:01:36]} 17. Rb1 {[%clk 01:12:05]}
{[%emt 00:01:22]} Qb6 {[%clk 01:28:21]} {[%emt 00:04:45]} 18. b3 {[%clk
01:02:18]} {[%emt 00:10:18]} b4 {[%clk 01:18:35]} {[%emt 00:10:16]} 19. dxc5
{[%clk 00:59:52]} {[%emt 00:02:56]} dxc5 {[%clk 01:15:21]} {[%emt 00:03:43]} 20.
c4 {[%clk 00:55:14]} {[%emt 00:05:09]} Nb8 {[%clk 01:13:22]} {[%emt 00:02:30]}
21. Bb2 {[%clk 00:54:26]} {[%emt 00:01:18]} Nc6 {[%clk 01:13:25]} {[%emt
00:00:27]} 22. Qe2 {[%clk 00:52:32]} {[%emt 00:02:23]} Nd4 {[%clk 01:10:21]}
{[%emt 00:03:34]} 23. Nxd4 {[%clk 00:51:55]} {[%emt 00:01:07]} cxd4 {[%clk
01:10:08]} {[%emt 00:00:43]} 24. Ra1 {[%clk 00:48:55]} {[%emt 00:03:30]} Nd7
{[%clk 01:09:49]} {[%emt 00:00:49]} 25. Nf1 {[%clk 00:48:08]} {[%emt 00:01:18]}
Nc5 {[%clk 01:08:31]} {[%emt 00:01:48]} 26. Nd2 {[%clk 00:47:32]} {[%emt
00:01:06]} Rad8 {[%clk 01:06:28]} {[%emt 00:02:32]} 27. Bd3 {[%clk 00:40:52]}
{[%emt 00:07:11]} Bh6 {[%clk 01:06:01]} {[%emt 00:00:56]}  0-1

[Event "2nd Easter 4NCL Congress"]
[Site "Daventry"]
[Date "2022.04.18"]
[Round "7"]
[Board "15"]
[White "Cordova Lopez, Diego Anton"]
[Black "Chan, Sheng Liang Bernard"]
[Result "1-0"]
[WhiteElo "1896"]
[BlackElo "2086"]
[PlyCount "0"]
[EventDate "2022.04.15"]
[EventRounds "7"]
[EventCountry "ENG"]

1. e4 {[%clk 01:30:57]} {[%emt 00:00:03]} c5 {[%clk 01:30:55]} {[%emt
00:00:06]} 2. Nf3 {[%clk 01:31:23]} {[%emt 00:00:03]} d6 {[%clk 01:31:21]}
{[%emt 00:00:04]} 3. d4 {[%clk 01:31:49]} {[%emt 00:00:04]} cxd4 {[%clk
01:31:48]} {[%emt 00:00:03]} 4. Nxd4 {[%clk 01:32:13]} {[%emt 00:00:06]} Nf6
{[%clk 01:32:14]} {[%emt 00:00:04]} 5. Nc3 {[%clk 01:32:38]} {[%emt 00:00:06]}
g6 {[%clk 01:32:39]} {[%emt 00:00:04]} 6. Be3 {[%clk 01:33:03]} {[%emt
00:00:04]} Bg7 {[%clk 01:33:05]} {[%emt 00:00:04]} 7. f3 {[%clk 01:33:09]}
{[%emt 00:00:25]} O-O {[%clk 01:33:30]} {[%emt 00:00:04]} 8. Qd2 {[%clk
01:33:36]} {[%emt 00:00:04]} Nc6 {[%clk 01:33:57]} {[%emt 00:00:04]} 9. O-O-O
{[%clk 01:34:01]} {[%emt 00:00:04]} d5 {[%clk 01:34:23]} {[%emt 00:00:04]} 10.
Kb1 {[%clk 01:34:25]} {[%emt 00:00:05]} Nxd4 {[%clk 01:33:40]} {[%emt
00:01:14]} 11. e5 {[%clk 01:34:49]} {[%emt 00:00:06]} Nd7 {[%clk 01:25:31]}
{[%emt 00:08:40]} 12. Bxd4 {[%clk 01:33:08]} {[%emt 00:02:11]} Nxe5 {[%clk
01:25:44]} {[%emt 00:00:16]} 13. Qe3 {[%clk 01:23:16]} {[%emt 00:10:22]} Nc6
{[%clk 01:14:36]} {[%emt 00:11:38]} 14. Bxg7 {[%clk 01:23:33]} {[%emt
00:00:14]} Kxg7 {[%clk 01:15:04]} {[%emt 00:00:01]} 15. Rxd5 {[%clk 01:21:19]}
{[%emt 00:02:44]} Qe8 {[%clk 01:11:53]} {[%emt 00:03:41]} 16. Bb5 {[%clk
01:11:25]} {[%emt 00:10:24]} a6 {[%clk 01:11:14]} {[%emt 00:01:09]} 17. Ba4
{[%clk 01:11:54]} {[%emt 00:00:02]} b5 {[%clk 01:10:48]} {[%emt 00:00:55]} 18.
Nxb5 {[%clk 01:09:48]} {[%emt 00:02:35]} axb5 {[%clk 01:08:07]} {[%emt
00:03:11]} 19. Bxb5 {[%clk 01:10:05]} {[%emt 00:00:14]} Ba6 {[%clk 01:08:24]}
{[%emt 00:00:13]} 20. Qc3+ {[%clk 01:10:06]} {[%emt 00:00:29]} f6 {[%clk
01:07:57]} {[%emt 00:00:57]} 21. Bxc6 {[%clk 01:09:32]} {[%emt 00:01:04]} Qf7
{[%clk 01:08:10]} {[%emt 00:00:17]} 22. Bxa8 {[%clk 01:09:44]} {[%emt
00:00:19]} Rxa8 {[%clk 01:08:39]} 23. Rc5 {[%clk 01:07:55]} {[%emt 00:02:18]}
Bf1 {[%clk 01:08:00]} {[%emt 00:01:08]} 24. b3 {[%clk 01:07:04]} {[%emt
00:01:22]} Bxg2 {[%clk 01:08:25]} {[%emt 00:00:05]} 25. Re1 {[%clk 01:06:52]}
{[%emt 00:00:42]} Ra7 {[%clk 01:08:34]} {[%emt 00:00:21]} 26. a4 {[%clk
00:56:09]} {[%emt 00:11:12]} Bh3 {[%clk 01:08:04]} {[%emt 00:00:59]} 27. Rc7
{[%clk 00:56:03]} {[%emt 00:00:37]} Rxc7 {[%clk 01:05:39]} {[%emt 00:02:55]} 28.
Qxc7 {[%clk 00:56:32]} {[%emt 00:00:03]} e5 {[%clk 01:05:12]} {[%emt 00:00:56]}
29. Qxf7+ {[%clk 00:56:56]} {[%emt 00:00:05]} Kxf7 {[%clk 01:05:37]} {[%emt
00:00:05]} 30. Rd1 {[%clk 00:57:07]} {[%emt 00:00:20]} Ke6 {[%clk 01:05:53]}
{[%emt 00:00:14]} 31. a5 {[%clk 00:56:14]} {[%emt 00:01:22]} Bg2 {[%clk
01:06:12]} {[%emt 00:00:11]} 32. Rd3 {[%clk 00:53:00]} {[%emt 00:03:45]} Bf1
{[%clk 01:06:36]} {[%emt 00:00:06]} 33. a6 {[%clk 00:53:02]} {[%emt 00:00:28]}
 1-0